|
|
|
|
| LEADER |
00000nbm0a2200000 4500 |
| 001 |
275819 |
| 005 |
20250116063139.0 |
| 035 |
|
|
|a (RuTPU)RU\TPU\book\299071
|
| 035 |
|
|
|a RU\TPU\book\299070
|
| 090 |
|
|
|a 275819
|
| 100 |
|
|
|a 20141117j20140916k y0rusy50 ca
|
| 101 |
0 |
|
|a rus
|
| 102 |
|
|
|a RU
|
| 105 |
|
|
|a a m 001zy
|
| 200 |
1 |
|
|a Синтез нитрида алюминия при горении нанопорошка алюминия в режиме теплового взрыва в воздухе при действии магнитного и электрического полей
|e диссертация на соискание ученой степени кандидата технических наук
|e спец. 05.17.11
|e спец. 01.04.07
|f А. В. Мостовщиков
|g Национальный исследовательский Томский политехнический университет (ТПУ) ; науч. рук. А. П. Ильин
|
| 210 |
|
|
|a Томск
|d 2014
|
| 215 |
|
|
|a 143 л.
|c ил.
|
| 300 |
|
|
|a Защищена 16.09.2014 г.
|
| 320 |
|
|
|a Библиогр.: с. 130-143 (116 назв.).
|
| 606 |
1 |
|
|a Алюминиевые порошки
|x Спеченные
|x Переработка
|2 stltpush
|3 (RuTPU)RU\TPU\subj\1881
|9 30541
|
| 606 |
1 |
|
|a Теплофизика высокотемпературная
|2 stltpush
|3 (RuTPU)RU\TPU\subj\59815
|9 77312
|
| 610 |
1 |
|
|a монокристаллы
|
| 610 |
1 |
|
|a получение
|
| 610 |
1 |
|
|a кристаллизация
|
| 610 |
1 |
|
|a зародышеобразование
|
| 610 |
1 |
|
|a электрическое поле
|
| 610 |
1 |
|
|a магнитное поле
|
| 610 |
1 |
|
|a неравновесные условия
|
| 610 |
1 |
|
|a нитрид алюминия
|
| 610 |
1 |
|
|a алюминиевые нанопорошки
|
| 610 |
1 |
|
|a продукты сгорания
|
| 610 |
1 |
|
|a микроструктура
|
| 610 |
1 |
|
|a горение в воздухе
|
| 610 |
1 |
|
|a диссертации
|
| 610 |
1 |
|
|a труды учёных ТПУ
|
| 675 |
|
|
|a 621.762.5(04)
|v 3
|
| 675 |
|
|
|a 536.45(04)
|v 3
|
| 686 |
|
|
|a 05.17.11
|2 oksvnk
|
| 686 |
|
|
|a 01.04.07
|2 oksvnk
|
| 700 |
|
1 |
|a Мостовщиков
|b А. В.
|c химик
|c старший научный сотрудник, профессор Томского политехнического университета, доктор технических наук
|f 1989-
|g Андрей Владимирович
|y Томск
|3 (RuTPU)RU\TPU\pers\25492
|9 11429
|
| 702 |
|
1 |
|a Ильин
|b А. П.
|c химик
|c профессор Томского политехнического университета, доктор физико-математических наук
|f 1949-
|g Александр Петрович
|3 (RuTPU)RU\TPU\pers\25487
|4 727
|
| 712 |
0 |
2 |
|a Национальный исследовательский Томский политехнический университет (ТПУ)
|c (2009- )
|3 (RuTPU)RU\TPU\col\15902
|
| 801 |
|
1 |
|a RU
|b 63413507
|c 20141117
|
| 801 |
|
2 |
|a RU
|b 63413507
|c 20141120
|g RCR
|
| 942 |
|
|
|c BK
|